Housing in the welfare state (Record no. 10135)

000 -LEADER
fixed length control field 00431pab a2200145 454500
008 - FIXED-LENGTH DATA ELEMENTS--GENERAL INFORMATION
fixed length control field 180718b1988 xxu||||| |||| 00| 0 eng d
100 ## - MAIN ENTRY--PERSONAL NAME
Personal name nesslein, Thomas S.
245 ## - TITLE STATEMENT
Title Housing in the welfare state
Remainder of title Have government intervention raised housing investment and lowered housing costs?
260 ## - PUBLICATION, DISTRIBUTION, ETC.
Date of publication, distribution, etc. 1988
300 ## - PHYSICAL DESCRIPTION
Extent 295-314
362 ## - DATES OF PUBLICATION AND/OR SEQUENTIAL DESIGNATION
Dates of publication and/or sequential designation Dec.
650 ## - SUBJECT ADDED ENTRY--TOPICAL TERM
Topical term or geographic name entry element Housing - Costs
773 ## - HOST ITEM ENTRY
Main entry heading Urban Affairs Quarterly
909 ## -
-- 10135
Holdings
Withdrawn status Lost status Damaged status Not for loan Permanent Location Current Location Date acquired Serial Enumeration / chronology Barcode Date last seen Price effective from Koha item type
        Indian Institute of Public Administration Indian Institute of Public Administration 2018-07-19 Volume no: 24, Issue no: 2 AR10164 2018-07-19 2018-07-19 Articles

Powered by Koha